| 000 | 00513nam a2200181Ia 4500 | ||
|---|---|---|---|
| 999 |
_c32617 _d32617 |
||
| 003 | OSt | ||
| 005 | 20201016124641.0 | ||
| 008 | 190216s9999||||xx |||||||||||||| ||und|| | ||
| 020 | _a9788178796093 | ||
| 040 | _coclc | ||
| 082 |
_a613.7046 _bGOR/T |
||
| 100 |
_aGore, C S _95704 |
||
| 245 | 0 |
_aTreatment Of Diseases Through Yoga / _cC S Gore |
|
| 260 |
_bSports Publication, _c2011. _aNew Delhi: |
||
| 300 | _a269p | ||
| 650 | _aYoga | ||
| 942 |
_cBK _2ddc _h613.7046 _iGOR/T _k613.7046 _mGOR/T |
||